|
|
|
|
| LEADER |
00000nas a2200000 a 4500 |
| 001 |
ssj0012729 |
| 003 |
WaSeSS |
| 005 |
20200512172242.0 |
| 006 |
m d |
| 007 |
cr n |
| 008 |
880630d198u1993enkmr p s o 0 0eng c |
| 010 |
|
|
|a 90660139
|z sn 88022602
|
| 022 |
|
|
|l 0951-2195
|y 0951-2195
|
| 035 |
|
|
|a (WaSeSS)ssj0012729
|
| 037 |
|
|
|b Hyde Park Publications Ltd., 27 Kensington Court, London, England W8 5DN
|
| 040 |
|
|
|a ViNSC
|b eng
|c ViNSC
|d InU
|d GU
|d DLC
|d NST
|d DLC
|d InU
|d OCoLC
|d WaSeSS
|
| 042 |
|
|
|a pcc
|
| 050 |
0 |
0 |
|a GF1
|b .W67
|
| 082 |
0 |
0 |
|a 910/.5
|2 20
|
| 130 |
0 |
|
|a World magazine (London, England)
|
| 245 |
1 |
0 |
|a World magazine
|h [electronic resource].
|
| 260 |
|
|
|a London :
|b Hyde Park Publications
|
| 310 |
|
|
|a Monthly
|
| 362 |
1 |
|
|a Ceased with issue for Jan./Feb. 1993.
|z Cf. Letter from Blackwell.
|
| 506 |
|
|
|a License restrictions may limit access.
|
| 520 |
|
|
|a "People, places, races, wildlife, and the environment."
|
| 580 |
|
|
|a Occasional issues supplemented by: Environment now.
|
| 588 |
|
|
|a Description based on: No. 7 (Nov. 1987); title from cover.
|
| 588 |
|
|
|a Latest issue consulted: No. 35 (Mar. 1990).
|
| 650 |
|
0 |
|a Human geography
|v Periodicals.
|
| 650 |
|
0 |
|a Manners and customs
|v Periodicals.
|
| 650 |
|
0 |
|a Natural history
|v Periodicals.
|
| 655 |
|
0 |
|a Electronic journals.
|
| 770 |
1 |
|
|t Environment now
|x 0952-2352
|w (DLC) 90660141
|w (OCoLC)20116343
|
| 850 |
|
|
|a DLC
|a GU
|a InU
|a NN
|
| 856 |
4 |
0 |
|z Full text available from Research Library: 01/01/1992 to 01/31/1993
|u https://search.proquest.com/publication/36833
|